| 000 | 00993cab a2200277 4500 | ||
|---|---|---|---|
| 001 | ABS45267 | ||
| 008 | 090401t1991 xxu||||| |||| 00| 0 eng d | ||
| 035 | _a(Sirsi) u51946 | ||
| 041 | _aeng | ||
| 100 | _aKitchen, S. | ||
| 245 | _aPrivate builders cash in on social housing | ||
| 260 | _c1991 | ||
| 350 | _a0 | ||
| 490 |
_aBuilding _v256(7714) 27 September 1991, 23-24(2) |
||
| 520 | _aWith the influx of new money for housing from the Government via the Housing Corporation many housebuilders are rushing into partnership with housing associations. This article warns that red tape may put a damper on these schemes. It also looks at the role of building societies in financing housing associations. | ||
| 650 | _aBUILDING SOCIETIES | ||
| 650 | _aFUNDING | ||
| 650 | _aHOUSE BUILDERS | ||
| 650 | _aHOUSING ASSOCIATIONS | ||
| 650 | _aHOUSING CORPORATION | ||
| 650 | _aJOINT VENTURES | ||
| 650 | _aPARTNERSHIPS | ||
| 690 | _aHOUSING | ||
| 942 | _n0 | ||
| 948 | _c04/03/1997 | ||
| 999 |
_c32226 _d32226 |
||